Die Nationalstaaten und die internationale Migration
| Beteiligte: | |
|---|---|
| Medienart: | Druck Buch |
| Sprache: | Deutsch |
| Veröffentlicht: |
Osnabrück
Univ.-Verl. Rasch
1999
|
| In: |
Beiträge der Akademie für Migration und Integration (1)
Jahr: 1999 |
| Bestand in Tübingen: | In Tübingen vorhanden. IFK: B XIX 22-1 |
| Verfügbarkeit prüfen: | HBZ Gateway |
| Subito Bestelldienst: | Jetzt bestellen. |
| Schlagwörter: |
MARC
| LEADER | 00000cam a2200000 c 4500 | ||
|---|---|---|---|
| 001 | 254046916 | ||
| 003 | DE-627 | ||
| 005 | 20240724193744.0 | ||
| 007 | tu | ||
| 008 | 990201s1999 gw ||||| 00| ||ger c | ||
| 015 | |a 99,N04,0244 |2 dnb | ||
| 015 | |a 99,A17,0340 |2 dnb | ||
| 016 | 7 | |a 955486270 |2 DE-101 | |
| 020 | |a 3932147871 |c : DM 14.80 (kart.) |9 3-932147-87-1 | ||
| 035 | |a (DE-627)254046916 | ||
| 035 | |a (DE-576)073321435 | ||
| 035 | |a (DE-599)GBV254046916 | ||
| 035 | |a (OCoLC)246233818 | ||
| 035 | |a (OCoLC)246233818 | ||
| 040 | |a DE-627 |b ger |c DE-627 |e rakwb | ||
| 041 | |a ger | ||
| 044 | |c XA-DE | ||
| 084 | |a 14 |a 16 |2 sdnb | ||
| 084 | |a 3,6 |2 ssgn | ||
| 084 | |a MS 1560 |2 rvk |0 (DE-625)rvk/123602: | ||
| 084 | |a MS 3600 |2 rvk |0 (DE-625)rvk/123685: | ||
| 084 | |a RB 10594 |2 rvk |0 (DE-625)rvk/142220:12788 | ||
| 084 | |a 83.40 |2 bkl | ||
| 084 | |a 71.63 |2 bkl | ||
| 084 | |a 89.59 |2 bkl | ||
| 245 | 0 | 4 | |a Die Nationalstaaten und die internationale Migration |c hrsg. von Hans H. Reich |
| 264 | 1 | |a Osnabrück |b Univ.-Verl. Rasch |c 1999 | |
| 300 | |a 71 S. |c 22 cm | ||
| 336 | |a Text |b txt |2 rdacontent | ||
| 337 | |a ohne Hilfsmittel zu benutzen |b n |2 rdamedia | ||
| 338 | |a Band |b nc |2 rdacarrier | ||
| 490 | 1 | |a Beiträge der Akademie für Migration und Integration |v 1 | |
| 500 | |a Literaturangaben | ||
| 583 | 1 | |a Archivierung/Langzeitarchivierung gewährleistet |f PENI |x XA-DE-NI |2 pdager |5 DE-35 | |
| 655 | 7 | |a Aufsatzsammlung |0 (DE-588)4143413-4 |0 (DE-627)105605727 |0 (DE-576)209726091 |2 gnd-content | |
| 689 | 0 | 0 | |d s |0 (DE-588)4041331-7 |0 (DE-627)106219642 |0 (DE-576)209044500 |a Nationalstaat |2 gnd |
| 689 | 0 | 1 | |d s |0 (DE-588)4162051-3 |0 (DE-627)104819154 |0 (DE-576)209870583 |a Internationale Migration |2 gnd |
| 689 | 0 | |5 DE-101 | |
| 700 | 1 | |a Reich, Hans H. |d 1939-2019 |e Hrsg. |0 (DE-588)138230676 |0 (DE-627)600656837 |0 (DE-576)162683162 |4 edt | |
| 810 | 2 | |a Akademie für Migration und Integration |g Bonn |t Beiträge der Akademie für Migration und Integration |v 1 |9 1 |w (DE-627)37401275X |w (DE-576)074831976 |w (DE-600)2127707-2 |x 1437-1200 |7 am | |
| 935 | |i Blocktest | ||
| 936 | r | v | |a MS 1560 |b Horizontale Mobilität |k Soziologie |k Spezielle Soziologien |k Soziale Mobilität |k Horizontale Mobilität |0 (DE-627)1271300710 |0 (DE-625)rvk/123602: |0 (DE-576)201300710 |
| 936 | r | v | |a MS 3600 |b Emigranten, Immigranten, Geflüchtete |k Soziologie |k Spezielle Soziologien |k Soziologie der Minoritäten und Randgruppen |k Emigranten, Immigranten, Geflüchtete |0 (DE-627)1270927078 |0 (DE-625)rvk/123685: |0 (DE-576)200927078 |
| 936 | r | v | |a RB 10594 |b Aus-und Einwanderung, Rückwanderung |k Geografie |k Nicht regional gebundene Darstellungen |k Allgemeine Geografie |k Anthropogeografie |k Bevölkerungsgeografie |k Derzeitige Bevölkerungsverhältnisse |k Aus-und Einwanderung, Rückwanderung |0 (DE-627)1271506513 |0 (DE-625)rvk/142220:12788 |0 (DE-576)201506513 |
| 936 | b | k | |a 83.40 |j Außenwirtschaft: Allgemeines |0 (DE-627)106416367 |
| 936 | b | k | |a 71.63 |j Minderheitenproblem |0 (DE-627)10641223X |
| 936 | b | k | |a 89.59 |j Politische Prozesse: Sonstiges |0 (DE-627)106414038 |
| 951 | |a BO | ||
| ELC | |b 1 | ||
| LOK | |0 000 xxxxxcx a22 zn 4500 | ||
| LOK | |0 001 3073341285 | ||
| LOK | |0 003 DE-627 | ||
| LOK | |0 004 254046916 | ||
| LOK | |0 005 20260205130657 | ||
| LOK | |0 008 020307||||||||||||||||ger||||||| | ||
| LOK | |0 040 |a DE-21-110 |c DE-627 |d DE-21-110 | ||
| LOK | |0 541 |e 00/505 | ||
| LOK | |0 852 |a DE-21-110 | ||
| LOK | |0 852 1 |c B XIX 22-1 |m p |9 00 | ||
| LOK | |0 935 |a k110 | ||
| LOK | |0 936ln |a 6.3 | ||
| LOK | |0 938 |k p | ||
| LOK | |0 939 |a 07-03-02 |b l01 | ||
| ORI | |a SA-MARC-krimdoka001.raw | ||
| SIG | |a IFK: B XIX 22-1 | ||
